000 00571nam a22002537a 4500
003 UA-OsUOA
001 22827
007 ta
008 20031225b un ||||| |||| 00| 0 ukr d
100 _aМень А.
090 _a232.9
_bМ51
942 _cBK
040 _aUA-OsUOA
_brus
_cUA-OsUOA
_dUA-OsUOA
245 _aСын человеческий
300 _a315 с.
955 _a0
041 _arus
080 _a232.9
020 _a5-85770-008-6
260 _aМосква
_bПротестант
_c1992
044 _aRU
650 7 _2UDC
999 _c309056
_d309056